| 000 | 00958nam a2200289 a 4500 | ||
|---|---|---|---|
| 001 | 000017893 | ||
| 003 | DO-SdBNP | ||
| 005 | 20250307073709.0 | ||
| 007 | ta | ||
| 008 | 100407s2003 dr ac 001 0 spa d | ||
| 020 | _a9993491829 | ||
| 040 |
_aDO-SdBNP _bspa _cBNPHU |
||
| 082 | 4 |
_a928.61 _bH519m, 2003 |
|
| 100 | 1 |
_aMateo, Andrés L., _d 1946- _9776 |
|
| 245 | 1 | 0 |
_aPedro Henríquez Ureña : _berrancia y creación / _cAndrés L. Mateo. |
| 260 |
_aSanto Domingo : _bSantillana, _c2003. |
||
| 300 |
_a310 p. : _bil., retrs. ; _c22 cm. |
||
| 490 | 1 | _aTaurus. Pensamiento | |
| 500 | _aIncluye bibliografía activa, bibliohemerografía e índice onomástico. | ||
| 500 | _aIncluye referencias bibliográficas y notas al pie de las páginas | ||
| 504 | _a. | ||
| 590 | _aInventariado, 2020/BT | ||
| 600 | 1 | 0 |
_aHenríquez Ureña, Pedro, _d1884-1946 _91718 |
| 830 | 0 |
_aTaurus. Pensamiento _938830 |
|
| 910 | _aValidado, 2022/MFF | ||
| 942 |
_2ddc _cLBS1 |
||
| 999 |
_c17417 _d17417 |
||